Paroles : La mère à Titi - Renaud - Statistiques

Statistiques générales
  • Ce quiz a été pris 107 fois
  • Le résultat moyen est 346 sur 496
Statistiques - réponses
Paroles % Correct
a
100%
à
100%
À
100%
la
98%
là,
98%
98%
mère
98%
Titi
97%
un
97%
Un
97%
chez
95%
C’est
94%
c’est
94%
le
94%
Le
94%
de
92%
une
92%
tout
90%
des
89%
peu
89%
p’tit,
89%
Sa
87%
Y
87%
y
87%
du
86%
vie
86%
Et
84%
et
84%
l’Italie
84%
Qu’
84%
Qui
83%
qui
83%
mort,
81%
mort
81%
Sur
79%
sur
79%
les
76%
Les
76%
Dans
75%
dans
75%
en
75%
En
75%
se
75%
comme
73%
Comme
73%
pas
73%
pas,
73%
Pas
73%
au-
71%
au
71%
il
71%
Mais
71%
mais
71%
71%
71%
plus
71%
est
70%
salon
68%
table
68%
on
67%
misère
65%
va
65%
l’ennui
63%
Son
63%
son
63%
sous
62%
Qu’il
60%
qu’il
60%
ses
60%
l’bonheur,
57%
Pour
57%
dit
56%
Franco
56%
belle
54%
bien
54%
mal
54%
tu
54%
s’en
52%
si
52%
brille
51%
mon
51%
petite
51%
taureau
51%
cendrier
49%
croire
49%
d’un
49%
lui,
49%
lui
49%
moche
49%
mur,
49%
dessus
48%
joli
48%
plastique
48%
Vachement
48%
D’la
46%
d’la
46%
éventail
46%
huître-
46%
pote
46%
avait
44%
crois
44%
croit
44%
deux
44%
Deux,
44%
flotte
44%
napperon
44%
verre
44%
vu
44%
Vu
44%
aussi
43%
Avec
43%
cave
43%
clés
43%
corrida
43%
coupe
43%
dis
43%
épouvantail
43%
fout
43%
fruits
43%
l’entrée
43%
papa
43%
photo
43%
pieds
43%
sofa
43%
soulier
43%
voix
43%
aimé
41%
chamois
41%
cristal
41%
ébréchée
41%
imités
41%
linge
41%
même
41%
accrocher
40%
africaines
40%
bottes
40%
bout
40%
chanteur
40%
cornes
40%
fin
40%
Grand
40%
j’te
40%
laver
40%
Posé
40%
Quand
40%
question
40%
sale
40%
T’y
40%
t’y
40%
c’que
38%
faire
38%
pauvre
38%
Saloperies
38%
statuettes
38%
télé
38%
t’en
38%
vierge
38%
chien
37%
connais
37%
couloir
37%
d’ailleurs
37%
doutes
37%
femme
37%
guitares
37%
j’ai
37%
jour
37%
l’étagère
37%
Redoute
37%
revienne
37%
semaine
37%
sont
37%
toute
37%
vieux
37%
voudrait
37%
chats
35%
couvre
35%
d’chaque
35%
gonzesses
35%
Lorsque
35%
magazine
35%
neige
35%
piaule
35%
reste
35%
trône
35%
d’bosser
33%
Look
33%
louf’
33%
New
33%
partout
33%
rotin
33%
S’occupe
33%
vénitiennes
33%
Alors
32%
attendant
32%
B.D.
32%
bestioles
32%
blouson
32%
collec’
32%
gigotes
32%
livre
32%
milieu
32%
noire
32%
Nous-
32%
parle
32%
pouffes
32%
Près
32%
p’tites
32%
qu’chez
32%
allait
30%
crétin
30%
C’te
30%
cuivre
30%
dentelle
30%
Étouffé
30%
J’crois
30%
marié
30%
marmite
30%
mégot
30%
Qu’ses
30%
qu’si
30%
baromètre
29%
marine
29%
porte-
29%
qu’sa
29%
s’barrer
29%
souk
29%
tarpé
29%
Tirée
29%
vivent
29%
journaux
27%
L’catalogue
27%
qu’c’était
27%
Côtoient
25%
l’Figaro
25%
qu’y
24%
l’ancre
22%
m’dit
22%
Meaulnes
19%
Pis
17%
Aucun quiz correspondant
Distribution des résultats
% des personnes avec chaque résultat
Percentile par nombre de réponses
Votre historique - résultats
Vous n’avez pas pris ce quiz